Latin bird's name - Statistics

General Stats
  • This quiz has been taken 8 times
  • The average score is 10 of 16
Answer Stats
Hint Answer % Correct
Little Egret Egretta garzetta
86%
European Robin Erithacus rubecula
86%
Barn Swallow Hirundo rustica
86%
Great Cormorant Phalacrocorax carbo
86%
European Magpie Pica pica
86%
Common Kingfisher Alcedo atthis
71%
Golden Eagle Aquila chrysaetos
71%
Purple Heron Ardea purpurea
71%
Eurasian Hoopoe Upupa epops
71%
Black Kite Milvus migrans
57%
Mediterranean Gull Ichthyaetus melanocephalus
43%
Grey Wagtail Motacilla alba
43%
Eurasian Curlew Numenius aruata
43%
Terek Sandpiper Xenus cinereus
43%
White Stork Ciconia ciconia
29%
Northern Lapwing Vanellus vanellus
14%
No matching quizzes found
Score Distribution
Percent of People with Each Score
Percentile by Number Answered
Your Score History
You have not taken this quiz